[Event "19. Obert Int. Sant Marti 2017"]
[Site "Barcelona ESP"]
[Date "2017.07.20"]
[Round "8.40"]
[White "Sumit, Kumar"]
[Black "Sama Salinas, Hector"]
[Result "1/2-1/2"]
[WhiteElo "1975"]
[BlackElo "2205"]
[PlyCount "51"]
[EventDate "2017.07.13"]
[EventType "swiss"]
[EventRounds "9"]
[EventCountry "ESP"]
[SourceTitle "Ajedrez en Madrid"]
[Source "lmi"]
[SourceDate "2017.07.13"]
[SourceVersion "1"]
[SourceVersionDate "2019.06.21"]
[SourceQuality "1"]

1. e4 g6 2. d4 Bg7 3. Nc3 c6 4. f4 d5 5. e5 f6 6. Nf3 Nh6 7. Be2 Bg4 8. O-O Nf5
9. Ne1 Bxe2 10. Nxe2 O-O 11. Nd3 e6 12. g4 Ne7 13. Ng3 fxe5 14. fxe5 Rxf1+ 15.
Qxf1 Nd7 16. Bg5 h6 17. Be3 Qb6 18. Qe2 Rf8 19. c3 g5 20. Nh5 Ng6 21. Rf1 Rxf1+
22. Kxf1 Qd8 23. Qf2 Qf8 24. Nxg7 Qxf2+ 25. Kxf2 Kxg7 26. Kg3 1/2-1/2

[Event "19. Obert Int. Sant Marti 2017"]
[Site "Barcelona ESP"]
[Date "2017.07.20"]
[Round "8.41"]
[White "Dalo, Hermes"]
[Black "Garcia Espelta, Josep"]
[Result "1-0"]
[WhiteElo "2202"]
[BlackElo "2052"]
[PlyCount "59"]
[EventDate "2017.07.13"]
[EventType "swiss"]
[EventRounds "9"]
[EventCountry "ESP"]
[SourceTitle "Ajedrez en Madrid"]
[Source "lmi"]
[SourceDate "2017.07.13"]
[SourceVersion "1"]
[SourceVersionDate "2019.06.21"]
[SourceQuality "1"]

1. d4 Nf6 2. c4 e6 3. Nc3 Bb4 4. e3 Bxc3+ 5. bxc3 d6 6. Bd3 c5 7. Nf3 Nc6 8.
O-O e5 9. Nd2 O-O 10. Rb1 b6 11. h3 Re8 12. Qc2 h6 13. Ne4 Na5 14. Nxf6+ Qxf6
15. Be4 Rb8 16. Bd5 Ba6 17. dxe5 dxe5 18. Qe2 e4 19. f3 Qe5 20. fxe4 Re7 21.
Bd2 Rf8 22. Rf5 Qc7 23. Rbf1 Kh7 24. Be1 f6 25. e5 Rd7 26. e4 Re8 27. exf6 g6
28. f7 Rf8 29. Rf6 Qe5 30. Qg4 1-0

[Event "19. Obert Int. Sant Marti 2017"]
[Site "Barcelona ESP"]
[Date "2017.07.20"]
[Round "8.42"]
[White "Ajay, Karthikeyan"]
[Black "Molano Lafuente, Ismael"]
[Result "1-0"]
[WhiteElo "2187"]
[BlackElo "2004"]
[PlyCount "83"]
[EventDate "2017.07.13"]
[EventType "swiss"]
[EventRounds "9"]
[EventCountry "ESP"]
[SourceTitle "Ajedrez en Madrid"]
[Source "lmi"]
[SourceDate "2017.07.13"]
[SourceVersion "1"]
[SourceVersionDate "2019.06.21"]
[SourceQuality "1"]

1. d4 d5 2. Nf3 e6 3. c4 f5 4. g3 Nf6 5. Bg2 Bd6 6. O-O O-O 7. Nc3 c6 8. b3 Qe8
9. Bb2 Qh5 10. e3 Nbd7 11. Qc2 Ne4 12. Nd2 g5 13. Ncxe4 fxe4 14. f3 Nf6 15.
fxe4 Ng4 16. Rxf8+ Kxf8 17. Nf1 dxe4 18. Qxe4 Bd7 19. h3 Nf6 20. Qd3 g4 21. h4
e5 22. d5 c5 23. Nd2 Kg8 24. Rf1 Rf8 25. Ne4 Nxe4 26. Bxe4 Rxf1+ 27. Qxf1 Kg7
28. a3 h6 29. b4 b6 30. Qf4 Bc8 31. Bc3 Bd7 32. bxc5 bxc5 33. Bd3 Bc8 34. Qe4
Kf6 35. Qh7 Bf5 36. Qh8+ Kf7 37. Bxe5 Bxd3 38. Qf6+ Ke8 39. Qe6+ Kf8 40. Bxd6+
Kg7 41. Be5+ Kf8 42. d6 1-0

[Event "19. Obert Int. Sant Marti 2017"]
[Site "Barcelona ESP"]
[Date "2017.07.20"]
[Round "8.43"]
[White "Kyrkjebo, Hanna B."]
[Black "Perales Galindo, Eduard"]
[Result "1/2-1/2"]
[WhiteElo "1923"]
[BlackElo "2185"]
[PlyCount "113"]
[EventDate "2017.07.13"]
[EventType "swiss"]
[EventRounds "9"]
[EventCountry "ESP"]
[SourceTitle "Ajedrez en Madrid"]
[Source "lmi"]
[SourceDate "2017.07.13"]
[SourceVersion "1"]
[SourceVersionDate "2019.06.21"]
[SourceQuality "1"]

1. e4 c5 2. Nf3 g6 3. d4 cxd4 4. Qxd4 Nf6 5. Nc3 Nc6 6. Qa4 d6 7. e5 dxe5 8.
Nxe5 Bd7 9. Nxd7 Qxd7 10. Be3 Bg7 11. Be2 Nd5 12. Nxd5 Qxd5 13. Bf3 Qa5+ 14.
Qxa5 Nxa5 15. Bd2 Nc6 16. O-O O-O-O 17. Bf4 e5 18. Be3 Kc7 19. c3 f5 20. Rad1
e4 21. Be2 b6 22. Rxd8 Rxd8 23. Rd1 Be5 24. Rxd8 Nxd8 25. Bc4 Kd6 26. Bg8 Ne6
27. Bxh7 Nf8 28. Bg8 f4 29. Bc1 g5 30. b3 Nd7 31. Ba3+ Nc5 32. c4 Bd4 33. Bd5
Ke5 34. Bxc5 bxc5 35. Kf1 Bc3 36. Ke2 Kd4 37. Bc6 Ba5 38. Bd5 Bc7 39. h3 Ba5
40. Bc6 Bc3 41. Bd5 Bb2 42. Bc6 Bc1 43. Bd5 Bb2 44. Bc6 Bc3 45. Bd5 Ba5 46. Bc6
Bc7 47. Bd5 a5 48. Bc6 e3 49. fxe3+ fxe3 50. Bd5 Bg3 51. Bc6 Bf2 52. Bd5 Kc3
53. Bc6 Kb2 54. a4 Kxb3 55. Bb5 Kc3 56. Ba6 Kd4 57. Bb5 1/2-1/2

[Event "19. Obert Int. Sant Marti 2017"]
[Site "Barcelona ESP"]
[Date "2017.07.20"]
[Round "8.44"]
[White "Llados Clos, Jaume"]
[Black "Tejaswini, Sagar"]
[Result "0-1"]
[WhiteElo "1801"]
[BlackElo "2160"]
[PlyCount "66"]
[EventDate "2017.07.13"]
[EventType "swiss"]
[EventRounds "9"]
[EventCountry "ESP"]
[SourceTitle "Ajedrez en Madrid"]
[Source "lmi"]
[SourceDate "2017.07.13"]
[SourceVersion "1"]
[SourceVersionDate "2019.06.21"]
[SourceQuality "1"]

1. e4 e5 2. Nf3 Nc6 3. Bb5 Bc5 4. O-O Nf6 5. d3 d6 6. c3 O-O 7. Nbd2 Bb6 8. Nc4
Ne7 9. Nxb6 axb6 10. h3 Ng6 11. Re1 Be6 12. a3 h6 13. d4 c6 14. Bd3 Qc7 15. Qc2
Nh5 16. Nd2 Nhf4 17. Bc4 Qc8 18. Bxe6 Qxe6 19. Nf3 Qf6 20. Qd1 c5 21. d5 Qe7
22. Bxf4 Nxf4 23. Qc2 g6 24. Kh2 Qd7 25. c4 f5 26. Nd2 Rf7 27. g3 Nh5 28. Rf1
Raf8 29. Rae1 fxe4 30. Nxe4 Rf3 31. Qd2 Nf4 32. gxf4 Qxh3+ 33. Kg1 R8xf4 0-1

[Event "19. Obert Int. Sant Marti 2017"]
[Site "Barcelona ESP"]
[Date "2017.07.20"]
[Round "8.45"]
[White "Martinez, Ayelen"]
[Black "Anuj, Shrivatri"]
[Result "1-0"]
[WhiteElo "2279"]
[BlackElo "1920"]
[PlyCount "45"]
[EventDate "2017.07.13"]
[EventType "swiss"]
[EventRounds "9"]
[EventCountry "ESP"]
[SourceTitle "Ajedrez en Madrid"]
[Source "lmi"]
[SourceDate "2017.07.13"]
[SourceVersion "1"]
[SourceVersionDate "2019.06.21"]
[SourceQuality "1"]

1. e4 e6 2. d4 d5 3. Nc3 Nf6 4. e5 Nfd7 5. f4 c5 6. Nf3 Nc6 7. Be3 Qb6 8. Na4
Qa5+ 9. c3 cxd4 10. b4 Nxb4 11. cxb4 Bxb4+ 12. Bd2 Bxd2+ 13. Nxd2 O-O 14. Bd3
b5 15. Nb2 Nb6 16. O-O Nc4 17. Nf3 Nxb2 18. Bxh7+ Kxh7 19. Ng5+ Kg6 20. Qg4 f6
21. Nxe6+ Kf7 22. Qxg7+ Kxe6 23. f5+ 1-0

[Event "19. Obert Int. Sant Marti 2017"]
[Site "Barcelona ESP"]
[Date "2017.07.20"]
[Round "8.46"]
[White "Ruperez, Miguel"]
[Black "Rios Parra, Alejandro"]
[Result "1/2-1/2"]
[WhiteElo "2103"]
[BlackElo "2342"]
[PlyCount "87"]
[EventDate "2017.07.13"]
[EventType "swiss"]
[EventRounds "9"]
[EventCountry "ESP"]
[SourceTitle "Ajedrez en Madrid"]
[Source "lmi"]
[SourceDate "2017.07.13"]
[SourceVersion "1"]
[SourceVersionDate "2019.06.21"]
[SourceQuality "1"]

1. d4 f5 2. c4 Nf6 3. Nf3 e6 4. g3 Be7 5. Bg2 O-O 6. O-O d6 7. Nc3 Qe8 8. Qd3
Qh5 9. e4 fxe4 10. Nxe4 Nc6 11. Nxf6+ Bxf6 12. Bd2 e5 13. dxe5 dxe5 14. Qd5+
Kh8 15. Bc3 Bg4 16. Nd2 a6 17. f3 Bh3 18. Ne4 Rad8 19. Nxf6 gxf6 20. Qc5 Bxg2
21. Kxg2 Qe8 22. Rae1 b6 23. Qe3 Nd4 24. Qe4 c5 25. f4 exf4 26. Qxf4 Qc6+ 27.
Kg1 Rf7 28. Re4 Qd6 29. Qe3 Qd7 30. Qf2 Re8 31. Rxe8+ Qxe8 32. Bxd4 cxd4 33.
Qxd4 Qe6 34. b3 Kg7 35. Rd1 Re7 36. Qd3 a5 37. Qf3 Qe5 38. Qg4+ Kf7 39. Qd4 Qe2
40. Qd2 Qg4 41. Re1 Rxe1+ 42. Qxe1 a4 43. Qd2 Qe4 44. bxa4 1/2-1/2

[Event "19. Obert Int. Sant Marti 2017"]
[Site "Barcelona ESP"]
[Date "2017.07.20"]
[Round "8.47"]
[White "Vergara Jofre, Felipe"]
[Black "Sanchez Lopez, Juan Manuel"]
[Result "1-0"]
[WhiteElo "2234"]
[BlackElo "2088"]
[PlyCount "51"]
[EventDate "2017.07.13"]
[EventType "swiss"]
[EventRounds "9"]
[EventCountry "ESP"]
[SourceTitle "Ajedrez en Madrid"]
[Source "lmi"]
[SourceDate "2017.07.13"]
[SourceVersion "1"]
[SourceVersionDate "2019.06.21"]
[SourceQuality "1"]

1. d4 Nf6 2. Bf4 d6 3. Nc3 g6 4. e4 Bg7 5. Qd2 c6 6. Bh6 Bxh6 7. Qxh6 Qa5 8.
O-O-O Be6 9. d5 Bd7 10. Nf3 b5 11. dxc6 Bxc6 12. e5 Nh5 13. exd6 b4 14. dxe7
Nd7 15. Nb1 Rc8 16. Nd4 Kxe7 17. Bc4 Bxg2 18. Rhe1+ Kd8 19. Bxf7 Bh3 20. Qe3
Bf5 21. Qe7+ Kc7 22. Nxf5 Qxf5 23. Qd6+ Kd8 24. Qe7+ Kc7 25. Be6 Qf4+ 26. Re3
1-0

[Event "19. Obert Int. Sant Marti 2017"]
[Site "Barcelona ESP"]
[Date "2017.07.20"]
[Round "8.48"]
[White "Ventura Bolet, Alexandre"]
[Black "Salagran Ferragut, Guillem"]
[Result "1-0"]
[WhiteElo "2080"]
[BlackElo "2201"]
[PlyCount "103"]
[EventDate "2017.07.13"]
[EventType "swiss"]
[EventRounds "9"]
[EventCountry "ESP"]
[SourceTitle "Ajedrez en Madrid"]
[Source "lmi"]
[SourceDate "2017.07.13"]
[SourceVersion "1"]
[SourceVersionDate "2019.06.21"]
[SourceQuality "1"]

1. Nf3 e6 2. c4 Nf6 3. g3 b6 4. Bg2 Bb7 5. O-O Be7 6. d4 O-O 7. Nc3 Ne4 8. Qc2
Nxc3 9. Qxc3 d5 10. Ne5 Nd7 11. Rd1 Nxe5 12. dxe5 f5 13. exf6 Bxf6 14. Qb3 c6
15. cxd5 exd5 16. e4 Qe7 17. exd5 cxd5 18. Bf4 Kh8 19. Bxd5 Bxd5 20. Rxd5 Rad8
21. Rad1 Rxd5 22. Qxd5 Re8 23. b3 h6 24. Qc6 Rd8 25. Rxd8+ Qxd8 26. Qd6 Qxd6
27. Bxd6 Kg8 28. Kf1 Kf7 29. Ke2 Ke6 30. Bf4 Kd5 31. Kd3 b5 32. Bd2 Bd8 33. Bc3
g6 34. h4 h5 35. Bd4 a5 36. a4 bxa4 37. bxa4 Bc7 38. Bc3 Bd8 39. Be1 Bb6 40. f3
Bc7 41. g4 Bd8 42. g5 Bc7 43. Bd2 Bg3 44. Bxa5 Bxh4 45. f4 Bg3 46. Ke3 Bh2 47.
Be1 Ke6 48. Kf3 Kf5 49. Bg3 Bg1 50. a5 Ba7 51. a6 Bb8 52. Bf2 1-0

[Event "19. Obert Int. Sant Marti 2017"]
[Site "Barcelona ESP"]
[Date "2017.07.20"]
[Round "8.49"]
[White "Degraeve, Remy"]
[Black "Manush, Shah"]
[Result "1/2-1/2"]
[WhiteElo "2164"]
[BlackElo "2016"]
[PlyCount "134"]
[EventDate "2017.07.13"]
[EventType "swiss"]
[EventRounds "9"]
[EventCountry "ESP"]
[SourceTitle "Ajedrez en Madrid"]
[Source "lmi"]
[SourceDate "2017.07.13"]
[SourceVersion "1"]
[SourceVersionDate "2019.06.21"]
[SourceQuality "1"]

1. e4 c6 2. d4 d5 3. e5 Bf5 4. h4 h5 5. Bd3 Bxd3 6. Qxd3 e6 7. Bg5 Qb6 8. Nd2
c5 9. c4 Qxb2 10. Rd1 Nc6 11. Ngf3 Nb4 12. Qe2 Nxa2 13. Rb1 Qc2 14. Qe3 Nc3 15.
Ra1 dxc4 16. dxc5 Qd3 17. Rc1 Nd5 18. Qxd3 cxd3 19. Ne4 f6 20. Bd2 Nh6 21. Bxh6
Rxh6 22. Kd2 Rd8 23. Rc4 Rg6 24. g3 Rg4 25. Nh2 b5 26. Rd4 fxe5 27. Nxg4 exd4
28. Ne5 Nc3 29. Ng5 Bxc5 30. Nxe6 Ne4+ 31. Ke1 Bb4+ 32. Kf1 d2 33. Ke2 d1=Q+
34. Rxd1 Nc3+ 35. Kd3 Nxd1 36. Nxd8 Kxd8 37. Nc6+ Kd7 38. Nxb4 Nxf2+ 39. Kxd4
Nh1 40. Kc5 Nxg3 41. Kxb5 Nf5 42. Ka6 Nxh4 43. Kxa7 Nf3 44. Kb6 h4 45. Kc5 h3
46. Nd3 h2 47. Nf2 g5 48. Kd5 g4 49. Nh1 Ng5 50. Ke5 Nh3 51. Ng3 Nf2 52. Kf4
Ke6 53. Ke3 Nh3 54. Ke2 Ke5 55. Kf1 Nf4 56. Kf2 Kf6 57. Nh1 Nd3+ 58. Kg2 Kg5
59. Kxh2 Kh4 60. Kg2 Nf4+ 61. Kh2 Ne2 62. Kg2 Nf4+ 63. Kh2 Nd5 64. Kg2 Ne3+ 65.
Kh2 Nf5 66. Kg2 g3 67. Nxg3 Nxg3 1/2-1/2

[Event "19. Obert Int. Sant Marti 2017"]
[Site "Barcelona ESP"]
[Date "2017.07.20"]
[Round "8.50"]
[White "Perez Pastora, Evarist"]
[Black "Dougas Chavarria, Nestor"]
[Result "1-0"]
[WhiteElo "2142"]
[BlackElo "1871"]
[PlyCount "101"]
[EventDate "2017.07.13"]
[EventType "swiss"]
[EventRounds "9"]
[EventCountry "ESP"]
[SourceTitle "Ajedrez en Madrid"]
[Source "lmi"]
[SourceDate "2017.07.13"]
[SourceVersion "1"]
[SourceVersionDate "2019.06.21"]
[SourceQuality "1"]

1. e4 c5 2. Nf3 d6 3. d4 cxd4 4. Nxd4 Nf6 5. Nc3 a6 6. Be3 e5 7. Nb3 Be7 8. f3
Be6 9. Qd2 O-O 10. O-O-O Qc7 11. g4 Rc8 12. Kb1 d5 13. exd5 Nxd5 14. Nxd5 Bxd5
15. Be2 Be6 16. Bd3 a5 17. Qf2 Nd7 18. a4 Nc5 19. Nxc5 Bxc5 20. Bxc5 Qxc5 21.
Qxc5 Rxc5 22. Be4 f6 23. Rd6 Kf7 24. Rb6 Rb8 25. Rxb7+ Rxb7 26. Bxb7 f5 27. h3
Rc4 28. Re1 fxg4 29. hxg4 Kf6 30. b3 Rb4 31. Be4 h6 32. Re3 Kg5 33. Kc1 Rd4 34.
c3 Rd6 35. b4 axb4 36. cxb4 Rd4 37. b5 Rxa4 38. b6 Rb4 39. b7 Bc4 40. Ra3 Kf4
41. Ra8 Bd3 42. b8=Q Rxb8 43. Rxb8 Bxe4 44. Rf8+ Kg5 45. fxe4 Kxg4 46. Kd2 h5
47. Ke2 g5 48. Kf2 Kh4 49. Kg2 g4 50. Rf5 g3 51. Rf3 1-0

[Event "19. Obert Int. Sant Marti 2017"]
[Site "Barcelona ESP"]
[Date "2017.07.20"]
[Round "8.51"]
[White "Fuentes Godoy, Lilia Ivonne"]
[Black "Meertens, Martin"]
[Result "1/2-1/2"]
[WhiteElo "2069"]
[BlackElo "2123"]
[PlyCount "88"]
[EventDate "2017.07.13"]
[EventType "swiss"]
[EventRounds "9"]
[EventCountry "ESP"]
[SourceTitle "Ajedrez en Madrid"]
[Source "lmi"]
[SourceDate "2017.07.13"]
[SourceVersion "1"]
[SourceVersionDate "2019.06.21"]
[SourceQuality "1"]

1. d4 d5 2. c4 c6 3. cxd5 cxd5 4. Bf4 Nc6 5. Nc3 a6 6. e3 Nf6 7. Bd3 Bg4 8.
Nge2 e6 9. O-O Be7 10. h3 Bh5 11. Qd2 O-O 12. Rac1 Rc8 13. Bh2 Bg6 14. Nf4 Bxd3
15. Nxd3 Na5 16. b3 b5 17. Qb2 Qb6 18. Rfd1 Nd7 19. Ne2 Qb7 20. Rxc8 Rxc8 21.
Rc1 Rxc1+ 22. Qxc1 Qc6 23. Qc3 Qxc3 24. Nxc3 Kf8 25. Kf1 Ke8 26. Ke2 Nc6 27.
Kd1 Nb4 28. Nxb4 Bxb4 29. Ne2 f6 30. Kc2 Nb6 31. Nc1 Kd7 32. Nd3 Be7 33. Kc3
Kc6 34. Bg3 a5 35. Kc2 g5 36. h4 h6 37. hxg5 hxg5 38. Kc3 Nd7 39. Kc2 b4 40.
Kd2 Nb6 41. Nb2 Nc8 42. f3 Na7 43. Na4 Nb5 44. Kd3 f5 1/2-1/2

[Event "19. Obert Int. Sant Marti 2017"]
[Site "Barcelona ESP"]
[Date "2017.07.20"]
[Round "8.52"]
[White "Garcia Gil, Javier"]
[Black "Deaconu, Mihai-Ionut"]
[Result "1-0"]
[WhiteElo "2116"]
[BlackElo "1965"]
[PlyCount "41"]
[EventDate "2017.07.13"]
[EventType "swiss"]
[EventRounds "9"]
[EventCountry "ESP"]
[SourceTitle "Ajedrez en Madrid"]
[Source "lmi"]
[SourceDate "2017.07.13"]
[SourceVersion "1"]
[SourceVersionDate "2019.06.21"]
[SourceQuality "1"]

1. d4 Nf6 2. c4 g6 3. Nc3 Bg7 4. e4 d6 5. h3 O-O 6. Be3 Na6 7. Nf3 c5 8. d5 Nc7
9. Be2 a6 10. a4 a5 11. Qd2 Re8 12. Bh6 Bh8 13. O-O-O Na6 14. Ng5 Nb4 15. h4 b5
16. cxb5 Qc7 17. h5 c4 18. Kb1 Bb7 19. hxg6 fxg6 20. Ne6 Qb6 21. Be3 1-0

[Event "19. Obert Int. Sant Marti 2017"]
[Site "Barcelona ESP"]
[Date "2017.07.20"]
[Round "8.53"]
[White "Rakshitta, Ravi"]
[Black "Meza Ponce, Jerry"]
[Result "1/2-1/2"]
[WhiteElo "1974"]
[BlackElo "2116"]
[PlyCount "96"]
[EventDate "2017.07.13"]
[EventType "swiss"]
[EventRounds "9"]
[EventCountry "ESP"]
[SourceTitle "Ajedrez en Madrid"]
[Source "lmi"]
[SourceDate "2017.07.13"]
[SourceVersion "1"]
[SourceVersionDate "2019.06.21"]
[SourceQuality "1"]

1. e4 c5 2. Nc3 e6 3. Nge2 Nc6 4. g3 d5 5. exd5 exd5 6. Bg2 d4 7. Nd5 Bd6 8. d3
Nge7 9. Nxe7 Qxe7 10. O-O Be6 11. Nf4 Bxf4 12. Bxf4 O-O 13. a3 Qd7 14. Qh5 f5
15. Rae1 Bf7 16. Bxc6 bxc6 17. Qd1 Rfe8 18. b3 Bd5 19. Rxe8+ Rxe8 20. Re1 Re6
21. Rxe6 Qxe6 22. f3 h6 23. Kf2 Qf7 24. Bd6 Qh5 25. h4 g5 26. Qh1 f4 27. gxf4
gxh4 28. Qg2+ Kf7 29. Qg4 Qxg4 30. fxg4 Kg6 31. Bxc5 a6 32. Bxd4 h5 33. gxh5+
Kxh5 34. c4 Be6 35. Be5 Kg4 36. Kg2 h3+ 37. Kh2 Kf3 38. b4 Ke3 39. a4 Kxd3 40.
b5 cxb5 41. cxb5 axb5 42. axb5 Ke4 43. b6 Bc8 44. Bd6 Kd5 45. Be5 Kc6 46. Bd4
Bd7 47. Kg3 Bf5 48. Bg1 Be6 1/2-1/2

[Event "19. Obert Int. Sant Marti 2017"]
[Site "Barcelona ESP"]
[Date "2017.07.20"]
[Round "8.54"]
[White "Kyrkjebo, Marte B."]
[Black "Romero Echeverria, Abigail"]
[Result "0-1"]
[WhiteElo "1833"]
[BlackElo "2109"]
[PlyCount "118"]
[EventDate "2017.07.13"]
[EventType "swiss"]
[EventRounds "9"]
[EventCountry "ESP"]
[SourceTitle "Ajedrez en Madrid"]
[Source "lmi"]
[SourceDate "2017.07.13"]
[SourceVersion "1"]
[SourceVersionDate "2019.06.21"]
[SourceQuality "1"]

1. e4 c5 2. Nf3 e6 3. d3 Nc6 4. g3 g6 5. Bg2 Bg7 6. O-O d6 7. c3 Nge7 8. Nbd2
O-O 9. Qc2 Rb8 10. a3 b5 11. b3 d5 12. Bb2 c4 13. dxc4 bxc4 14. b4 a5 15. Rfd1
Qc7 16. Nf1 axb4 17. axb4 dxe4 18. N3d2 Ne5 19. Nxe4 Bb7 20. Ne3 Nd5 21. Bc1
Nd3 22. Bd2 Ra8 23. Rxa8 Rxa8 24. Nxd5 Bxd5 25. Nc5 Bxg2 26. Kxg2 Qc6+ 27. Kg1
Nxc5 28. bxc5 Qxc5 29. Be3 Qa5 30. Bd4 Qa4 31. Qxa4 Rxa4 32. Bxg7 Kxg7 33. h4
Ra3 34. Rc1 Kf6 35. Kg2 Kf5 36. Kf3 h5 37. Rc2 f6 38. Ke3 e5 39. Kf3 g5 40.
hxg5 fxg5 41. Rc1 Rb3 42. Ke3 Rb2 43. Kf3 Rd2 44. Ke3 Rd3+ 45. Ke2 h4 46. gxh4
gxh4 47. Kf1 Kf4 48. Kg1 e4 49. Rc2 h3 50. Kh2 e3 51. fxe3+ Rxe3 52. Rc1 Ke4
53. Rg1 Kd3 54. Rg7 Kxc3 55. Rc7 Kd3 56. Rd7+ Kc2 57. Rc7 c3 58. Rc8 Kd2 59.
Rd8+ Rd3 0-1

[Event "19. Obert Int. Sant Marti 2017"]
[Site "Barcelona ESP"]
[Date "2017.07.20"]
[Round "8.55"]
[White "Avdhoot, Lendhe"]
[Black "Rojas Fernandez, Andres"]
[Result "1-0"]
[WhiteElo "2034"]
[BlackElo "1997"]
[PlyCount "61"]
[EventDate "2017.07.13"]
[EventType "swiss"]
[EventRounds "9"]
[EventCountry "ESP"]
[SourceTitle "Ajedrez en Madrid"]
[Source "lmi"]
[SourceDate "2017.07.13"]
[SourceVersion "1"]
[SourceVersionDate "2019.06.21"]
[SourceQuality "1"]

1. d4 d5 2. Nf3 Nf6 3. e3 e6 4. Bd3 c5 5. b3 cxd4 6. exd4 Nc6 7. a3 Bd6 8. O-O
Qc7 9. Bb2 O-O 10. Re1 b6 11. Nbd2 Bb7 12. Ne5 Rac8 13. Re3 Ne7 14. Rc1 Ng6 15.
g3 Qe7 16. Ra1 Nd7 17. f4 Rfe8 18. Qe2 Ndf8 19. Qh5 Rc7 20. Ndf3 Bxe5 21. fxe5
Rec8 22. Re2 a5 23. Rf1 Ra8 24. Ng5 Qe8 25. Ref2 Ba6 26. Bxa6 Rxa6 27. Nxf7
Raa7 28. Nd6 Qc6 29. a4 Ra8 30. Ba3 Qc3 31. Nb5 1-0

[Event "19. Obert Int. Sant Marti 2017"]
[Site "Barcelona ESP"]
[Date "2017.07.20"]
[Round "8.56"]
[White "Serarols Mabras, Bernat"]
[Black "Sama Salinas, Alejandro"]
[Result "1-0"]
[WhiteElo "2308"]
[BlackElo "2000"]
[PlyCount "57"]
[EventDate "2017.07.13"]
[EventType "swiss"]
[EventRounds "9"]
[EventCountry "ESP"]
[SourceTitle "Ajedrez en Madrid"]
[Source "lmi"]
[SourceDate "2017.07.13"]
[SourceVersion "1"]
[SourceVersionDate "2019.06.21"]
[SourceQuality "1"]

1. d4 d5 2. c4 e6 3. Nf3 Nf6 4. g3 Be7 5. Bg2 O-O 6. O-O Nbd7 7. Qc2 c6 8. Bf4
Ne4 9. Nfd2 f5 10. Nxe4 fxe4 11. Nc3 Rxf4 12. gxf4 Bd6 13. e3 Qh4 14. f3 g5 15.
Qf2 Qxf2+ 16. Kxf2 gxf4 17. fxe4 fxe3+ 18. Kxe3 e5 19. exd5 exd4+ 20. Kxd4 c5+
21. Kd3 Ne5+ 22. Kc2 Nxc4 23. Rae1 Bd7 24. Ne4 Be5 25. Nf6+ Bxf6 26. Rxf6 Re8
27. Rxe8+ Bxe8 28. Kc1 Kg7 29. Re6 1-0

[Event "19. Obert Int. Sant Marti 2017"]
[Site "Barcelona ESP"]
[Date "2017.07.20"]
[Round "8.57"]
[White "Ventura Bolet, Maxim"]
[Black "Advait, Bagri"]
[Result "1-0"]
[WhiteElo "2262"]
[BlackElo "1772"]
[PlyCount "51"]
[EventDate "2017.07.13"]
[EventType "swiss"]
[EventRounds "9"]
[EventCountry "ESP"]
[SourceTitle "Ajedrez en Madrid"]
[Source "lmi"]
[SourceDate "2017.07.13"]
[SourceVersion "1"]
[SourceVersionDate "2019.06.21"]
[SourceQuality "1"]

1. Nf3 Nf6 2. c4 e6 3. Nc3 d5 4. e3 a6 5. Qc2 c6 6. b3 Bd6 7. d4 b5 8. Bd3 Bb7
9. O-O Nbd7 10. Bb2 O-O 11. c5 Bc7 12. b4 h6 13. Rfe1 Re8 14. a4 e5 15. Nxe5
Bxe5 16. dxe5 Nxe5 17. Ne2 Qc7 18. h3 Rad8 19. Nd4 Nc4 20. Nf5 Nxb2 21. Qxb2
Qe5 22. Qxe5 Rxe5 23. Nd6 Ba8 24. axb5 axb5 25. Ra7 Rf8 26. Rea1 1-0

[Event "19. Obert Int. Sant Marti 2017"]
[Site "Barcelona ESP"]
[Date "2017.07.20"]
[Round "8.58"]
[White "Marzo Pie, Xavier"]
[Black "Sanchez Jerez, Emilio Miguel"]
[Result "0-1"]
[WhiteElo "1996"]
[BlackElo "2216"]
[PlyCount "80"]
[EventDate "2017.07.13"]
[EventType "swiss"]
[EventRounds "9"]
[EventCountry "ESP"]
[SourceTitle "Ajedrez en Madrid"]
[Source "lmi"]
[SourceDate "2017.07.13"]
[SourceVersion "1"]
[SourceVersionDate "2019.06.21"]
[SourceQuality "1"]

1. d4 d6 2. c4 e5 3. dxe5 dxe5 4. Qxd8+ Kxd8 5. Nc3 c6 6. Nf3 f6 7. g3 Be6 8.
b3 Nd7 9. Bg2 a5 10. O-O Ne7 11. Rd1 Nc8 12. Be3 Ba3 13. Ne4 Ke7 14. Rd2 h6 15.
Nh4 Rd8 16. Rad1 g5 17. Nf3 Bb4 18. Rd3 Bf5 19. Ne1 Nd6 20. Nxd6 Bxd3 21. Nxb7
Bxe2 22. Nxd8 Rxd8 23. Rc1 c5 24. f3 Nf8 25. Kf2 Bd1 26. Bf1 Ba3 27. Rb1 Ne6
28. Ra1 Bb2 29. Rb1 Ba3 30. Ra1 Bb4 31. Nd3 Bc2 32. Nxb4 axb4 33. Rc1 Bf5 34.
Bg2 Ra8 35. Ra1 Ra5 36. Bc1 Nd4 37. Bb2 Nc2 38. Rc1 Rxa2 39. Bh3 Rxb2 40. Bxf5
Nd4+ 0-1

[Event "19. Obert Int. Sant Marti 2017"]
[Site "Barcelona ESP"]
[Date "2017.07.20"]
[Round "8.59"]
[White "Alcala Valiente, Juan Carlos"]
[Black "Boixader Arbo, Xavier"]
[Result "1/2-1/2"]
[WhiteElo "1987"]
[BlackElo "2099"]
[PlyCount "103"]
[EventDate "2017.07.13"]
[EventType "swiss"]
[EventRounds "9"]
[EventCountry "ESP"]
[SourceTitle "Ajedrez en Madrid"]
[Source "lmi"]
[SourceDate "2017.07.13"]
[SourceVersion "1"]
[SourceVersionDate "2019.06.21"]
[SourceQuality "1"]

1. d4 Nf6 2. c4 g6 3. Nc3 Bg7 4. e4 d6 5. f3 O-O 6. Be3 Nbd7 7. Nh3 e5 8. d5 a5
9. Qd2 b6 10. Be2 Nc5 11. Nf2 Bd7 12. Bg5 Qc8 13. g4 a4 14. h4 Re8 15. Bh6 Bh8
16. h5 Re7 17. Qg5 Qa6 18. Qh4 a3 19. b4 Na4 20. Nxa4 Qxa4 21. Bg5 Qxb4+ 22.
Kf1 Qb2 23. Re1 Qxa2 24. Bxf6 Qd2 25. Bxh8 g5 26. Qh2 Kxh8 27. h6 a2 28. Kg2
Ra3 29. Qg1 Re8 30. Qf1 a1=Q 31. Rxa1 Rxa1 32. Qxa1 Qxe2 33. Qa6 Kg8 34. Ra1 f6
35. Ra2 Qe3 36. Qb7 Qc5 37. Ra8 Qxc4 38. Rxe8+ Bxe8 39. Qc8 Kf8 40. Qf5 Bg6 41.
Qxf6+ Ke8 42. Qxg6+ hxg6 43. h7 b5 44. h8=Q+ Kd7 45. Qa8 b4 46. Qa4+ Kc8 47.
Qd1 Qa2 48. Kg3 b3 49. Nd3 b2 50. Nxb2 Qxb2 51. Qa4 Qc1 52. Qe8+ 1/2-1/2